[Event "36 R.G.Nezhmetdinov Memorial"]
[Site ", "]
[Date "2014.06.07"]
[Round "8.40"]
[White "Yapparov, Timur"]
[Black "Kozina, Anastasia"]
[Result "1-0"]
[WhiteElo "2215"]
[BlackElo "1886"]
[PlyCount "103"]
[EventDate "2014.??.??"]

1. Nf3 Nf6 2. c4 e6 3. Nc3 c5 4. g3 g6 5. Bg2 Bg7 6. O-O O-O 7. d4 cxd4 8. Nxd4
Nc6 9. Ndb5 d5 10. cxd5 exd5 11. Nxd5 Nxd5 12. Qxd5 Qe7 13. Be3 Be6 14. Qc5 Qf6
15. Bxc6 bxc6 16. Bd4 Qd8 17. Bxg7 Kxg7 18. Nc3 Rc8 19. Rfd1 Qf6 20. Rd4 Qf5
21. Qxf5 Bxf5 22. b3 Rfe8 23. Rc1 Re5 24. f3 Be6 25. Ra4 Rc7 26. Kf2 Rc5 27.
Rd4 Rc8 28. h4 a5 29. Rdd1 f5 30. Na4 Rxc1 31. Rxc1 h6 32. Rc5 g5 33. Nb6 Rb8
34. Rxc6 Bf7 35. hxg5 hxg5 36. Na4 Bg6 37. Rc5 Ra8 38. Nb6 Ra6 39. Nc4 a4 40.
Ra5 Rxa5 41. Nxa5 axb3 42. axb3 Be8 43. Ke3 Kf6 44. f4 Bb5 45. Nc4 Kg6 46. Nd6
Bd7 47. b4 Kh5 48. b5 Kg4 49. b6 Bc6 50. b7 Bxb7 51. Nxb7 gxf4+ 52. gxf4 1-0

[Event "36 R.G.Nezhmetdinov Memorial"]
[Site ", "]
[Date "2014.06.07"]
[Round "8.41"]
[White "Nizamov, Bulat"]
[Black "Sadykov, Airat F"]
[Result "1-0"]
[WhiteElo "2005"]
[BlackElo "2106"]
[PlyCount "69"]
[EventDate "2014.??.??"]

1. d4 Nf6 2. c4 g6 3. Nc3 d5 4. Nf3 Bg7 5. Bf4 O-O 6. e3 c5 7. dxc5 Qa5 8. Rc1
dxc4 9. Bxc4 Qxc5 10. Bb3 Nc6 11. O-O Qa5 12. h3 Bf5 13. Qe2 Ne4 14. g4 Nxc3
15. bxc3 Bd7 16. Rfd1 Rad8 17. Rd5 Qa3 18. Rcd1 Be6 19. Rxd8 Nxd8 20. Qb5 Bxb3
21. axb3 Bxc3 22. Bh6 Bg7 23. Bxg7 Kxg7 24. Qe5+ Kg8 25. Qc7 Ne6 26. Qxb7 a5
27. Kg2 Nc5 28. Qxe7 Qxb3 29. Rd6 Qb4 30. Rd5 Rc8 31. Qf6 Ne6 32. Rd7 Rf8 33.
Ne5 Qe4+ 34. Kh2 Nc5 35. Nxf7 1-0

[Event "36 R.G.Nezhmetdinov Memorial"]
[Site ", "]
[Date "2014.06.07"]
[Round "8.42"]
[White "Teimurov, Artur"]
[Black "Rjanova, Valery"]
[Result "1/2-1/2"]
[WhiteElo "1934"]
[BlackElo "2131"]
[PlyCount "90"]
[EventDate "2014.??.??"]

1. e4 c5 2. Nf3 d6 3. Bb5+ Nc6 4. O-O Bd7 5. Re1 a6 6. Bf1 Bg4 7. h3 Bxf3 8.
Qxf3 g6 9. c3 Bg7 10. d3 Nf6 11. Be3 Nd7 12. Nd2 O-O 13. g4 b5 14. Qe2 b4 15.
Rac1 a5 16. f4 a4 17. a3 bxc3 18. bxc3 Rb8 19. Qd1 Qa5 20. Qc2 Rb7 21. Nc4 Qa7
22. Bg2 Rb3 23. Bd2 Nb6 24. e5 Nxc4 25. dxc4 Qd7 26. e6 fxe6 27. Rxe6 Nd8 28.
Re2 Kh8 29. Rce1 e6 30. f5 gxf5 31. gxf5 e5 32. Rf1 Bf6 33. Kh1 Nc6 34. Bd5 Ne7
35. Be6 Qb7+ 36. Kh2 e4 37. Qxe4 Qxe4 38. Rxe4 Rxa3 39. Bf4 Nc8 40. Bxc8 Rxc8
41. Bxd6 Rxc3 42. Re6 Kg7 43. Be7 Bxe7 44. Rxe7+ Kf6 45. Rxh7 Rb8 1/2-1/2

[Event "36 R.G.Nezhmetdinov Memorial"]
[Site ", "]
[Date "2014.06.07"]
[Round "8.45"]
[White "Galimov, Ildus"]
[Black "Zhdanov, Petr"]
[Result "0-1"]
[WhiteElo "1926"]
[BlackElo "2021"]
[PlyCount "96"]
[EventDate "2014.??.??"]

1. d4 Nf6 2. Nc3 d5 3. Bg5 c5 4. e3 cxd4 5. exd4 Nc6 6. Bb5 Qa5 7. Qd2 e6 8.
Nge2 Bb4 9. Bxf6 gxf6 10. O-O Qxb5 11. Nxb5 Bxd2 12. Nc7+ Kd7 13. Nxa8 b5 14.
Rfd1 Ba5 15. c3 Bb7 16. b4 Bd8 17. a4 a6 18. axb5 axb5 19. Nf4 Kc8 20. Ra2 Re8
21. Nh5 Kb8 22. Rda1 e5 23. Nb6 Bxb6 24. Nxf6 Rd8 25. dxe5 Nxe5 26. Re2 Nd3 27.
Rd1 Nf4 28. Re7 Kc8 29. Nxh7 d4 30. Rxf7 Ne2+ 31. Kf1 Nxc3 32. Rc1 Bd5 33. Rf8
Bc4+ 34. Ke1 Na2 35. Rxd8+ Kxd8 36. Rb1 Nxb4 37. Rxb4 Ba5 38. Ng5 Bxb4+ 39. Kd1
d3 40. Ne4 Ke7 41. g4 Ke6 42. g5 Kf5 43. f3 Bb3+ 44. Kc1 d2+ 45. Nxd2 Bxd2+ 46.
Kxd2 Kxg5 47. Kc3 Bc4 48. h3 Kh4 0-1

[Event "36 R.G.Nezhmetdinov Memorial"]
[Site ", "]
[Date "2014.06.07"]
[Round "8.46"]
[White "Mingatin, Mars"]
[Black "Faizrakhmanov, Ildar"]
[Result "1-0"]
[WhiteElo "2004"]
[BlackElo "1721"]
[PlyCount "85"]
[EventDate "2014.??.??"]

1. d4 Nf6 2. c4 e6 3. Nc3 b6 4. Qc2 Bb7 5. e4 d6 6. f4 Be7 7. Nf3 O-O 8. Bd3 h6
9. h3 c5 10. d5 exd5 11. cxd5 Ba6 12. O-O c4 13. Be2 Nh7 14. Nd4 Bf6 15. Be3
Qc7 16. Ncb5 Qc5 17. Qxc4 Nd7 18. Qb3 Bxb5 19. Nxb5 Qc8 20. Nxd6 Qd8 21. Nb7
Qc7 22. Ba6 Be7 23. Rac1 Bc5 24. Nxc5 Nxc5 25. Bxc5 bxc5 26. Qa3 Qb6 27. Kh1
Nf6 28. Bd3 Rfe8 29. Rc4 Rab8 30. b3 Nh5 31. Rf3 Rbc8 32. e5 g5 33. fxg5 Rxe5
34. gxh6 Re1+ 35. Bf1 Rxf1+ 36. Rxf1 Ng3+ 37. Kg1 Nxf1 38. Kxf1 Qf6+ 39. Kg1
Re8 40. Qc1 Re2 41. Rg4+ Kf8 42. Qxc5+ Ke8 43. Qb5+ 1-0

[Event "36 R.G.Nezhmetdinov Memorial"]
[Site ", "]
[Date "2014.06.07"]
[Round "8.47"]
[White "Kavyev, Ruslan"]
[Black "Tukaeva, Adelya"]
[Result "1-0"]
[WhiteElo "1880"]
[BlackElo "1796"]
[PlyCount "101"]
[EventDate "2014.??.??"]

1. e4 c5 2. Nf3 d6 3. d4 cxd4 4. Nxd4 Nf6 5. Nc3 g6 6. Be3 Bg7 7. f3 O-O 8. Qd2
Nc6 9. O-O-O d5 10. Kb1 Nxd4 11. e5 Nxf3 12. gxf3 Nh5 13. Be2 e6 14. f4 Qh4 15.
Rdg1 Bh6 16. Rg4 Qd8 17. Bf2 Qc7 18. Rh4 Bxf4 19. Rxf4 Nxf4 20. Qxf4 f6 21. Bd4
fxe5 22. Qg3 Rf4 23. Nb5 Qb8 24. Bc5 Bd7 25. Bd6 Qd8 26. Bxe5 Rb4 27. Bd3 Qh4
28. Qxh4 Rxh4 29. Nd4 Rf8 30. c3 Rh3 31. Rd1 Re3 32. Bg3 e5 33. Nc2 Ref3 34.
Be2 R3f7 35. Rxd5 e4 36. Rd4 Re8 37. Bc4 Be6 38. Rxe4 Rd8 39. Ne3 Bxc4 40. Nxc4
Rd1+ 41. Kc2 Rfd7 42. Re6 Ra1 43. a3 Rdd1 44. Nd6 b6 45. Be5 Rf1 46. Re8+ Rf8
47. Rxf8+ Kxf8 48. Nc8 Rf1 49. Nxa7 Rf7 50. Nc8 Rb7 51. Bd4 1-0

[Event "36 R.G.Nezhmetdinov Memorial"]
[Site ", "]
[Date "2014.06.07"]
[Round "8.48"]
[White "Sadykov, Renat"]
[Black "Bubnov, Kirill"]
[Result "1-0"]
[WhiteElo "2069"]
[BlackElo "1871"]
[PlyCount "91"]
[EventDate "2014.??.??"]

1. e4 e6 2. d4 d5 3. Nc3 Bb4 4. e5 c5 5. a3 Bxc3+ 6. bxc3 Qc7 7. Qg4 f5 8. Qg3
cxd4 9. cxd4 Ne7 10. Bd2 O-O 11. Bd3 b6 12. Nf3 Ba6 13. Qh4 Ng6 14. Qh5 Nf4 15.
Qg5 Nxd3+ 16. cxd3 Bxd3 17. Rc1 Bc4 18. h4 Nc6 19. Rh3 Qe7 20. Qxe7 Nxe7 21.
Ng5 Nc6 22. Nxe6 Rf7 23. Bc3 Re7 24. Nf4 b5 25. Bb4 Rb7 26. Bc5 a5 27. e6 b4
28. Rb1 Rab8 29. axb4 axb4 30. Re3 b3 31. Rb2 Ra8 32. Kd2 Re8 33. Kc3 Nb8 34.
Re5 g6 35. Nxd5 Bxd5 36. Rxd5 Rxe6 37. Rd8+ Kg7 38. Rxb3 Rxb3+ 39. Kxb3 Na6 40.
Rd6 Kf6 41. Kc4 Nb8 42. Kd5 Rxd6+ 43. Kxd6 h6 44. Kc7 Na6+ 45. Kb7 Nxc5+ 46.
dxc5 1-0

[Event "36 R.G.Nezhmetdinov Memorial"]
[Site ", "]
[Date "2014.06.07"]
[Round "8.49"]
[White "Kleimenov, Ivan"]
[Black "Mischeryakov, Alexey"]
[Result "0-1"]
[WhiteElo "1526"]
[BlackElo "1945"]
[PlyCount "44"]
[EventDate "2014.??.??"]

1. e4 Nf6 2. Nc3 d5 3. exd5 Nxd5 4. Bc4 e6 5. Nf3 Nb6 6. Bb3 Nc6 7. d3 Be7 8.
Bf4 a6 9. O-O Na5 10. Qd2 Nxb3 11. axb3 O-O 12. Rfe1 Bd7 13. Rad1 Bd6 14. Ne4
Bc6 15. Qe3 Nd5 16. Qd4 Nxf4 17. Nxd6 Qxd6 18. Qe3 Bxf3 19. Qxf3 Ng6 20. Qxb7
Rab8 21. Qf3 Rb5 22. Qg3 Qc6 0-1

[Event "36 R.G.Nezhmetdinov Memorial"]
[Site ", "]
[Date "2014.06.07"]
[Round "8.51"]
[White "Kurninov, Andrei"]
[Black "Sharafutdinov, Marat"]
[Result "0-1"]
[WhiteElo "1708"]
[BlackElo "1837"]
[PlyCount "68"]
[EventDate "2014.??.??"]

1. e4 c5 2. Nf3 d6 3. d4 cxd4 4. Nxd4 Nf6 5. Nc3 a6 6. Bc4 e6 7. Bb3 Be7 8. O-O
O-O 9. Be3 b5 10. f3 Qc7 11. Qe1 Nc6 12. Rd1 Nxd4 13. Bxd4 e5 14. Be3 Be6 15.
g4 b4 16. Ne2 a5 17. a4 Bxb3 18. cxb3 Qc2 19. Qd2 Qxb3 20. Ra1 Rfc8 21. Rfc1 h6
22. h4 Qe6 23. Kg2 Nxg4 24. fxg4 Qxg4+ 25. Ng3 Bxh4 26. Qf2 Bxg3 27. Qxg3 Qxe4+
28. Kh3 f5 29. Bb6 Rc6 30. Rxc6 Qxc6 31. Qf2 f4 32. Qg1 Rf8 33. Rc1 Qf3+ 34.
Kh2 Rf5 0-1

[Event "36 R.G.Nezhmetdinov Memorial"]
[Site ", "]
[Date "2014.06.07"]
[Round "8.50"]
[White "Zhanazarov, Iskander"]
[Black "Kitov, Matvey"]
[Result "0-1"]
[WhiteElo "1764"]
[BlackElo "1839"]
[PlyCount "84"]
[EventDate "2014.??.??"]

1. e4 d6 2. d4 g6 3. g3 Bg7 4. Bg2 Nf6 5. Nc3 O-O 6. Nf3 Nbd7 7. O-O e5 8. dxe5
Nxe5 9. Bf4 Bg4 10. h3 Nxf3+ 11. Bxf3 Bxh3 12. Bg2 Bxg2 13. Kxg2 Re8 14. f3 Qd7
15. Qd2 Rad8 16. Bh6 Bh8 17. Bg5 Rc8 18. Rh1 h5 19. Qf4 Nh7 20. g4 Nxg5 21.
Qxg5 Qe7 22. Qxe7 Rxe7 23. gxh5 Bxc3 24. bxc3 Re5 25. hxg6 fxg6 26. Rhd1 Kf7
27. Kf2 Rh8 28. Ke3 Rh2 29. Rd2 Reh5 30. Rb1 b6 31. Rb4 Rxd2 32. Kxd2 Rh2+ 33.
Kd3 Rf2 34. Rc4 c5 35. Ra4 a5 36. Kc4 Rxf3 37. Ra3 g5 38. Kb5 g4 39. Kxb6 g3
40. Rxa5 g2 41. a4 g1=Q 42. Kc6 Ke6 0-1

[Event "36 R.G.Nezhmetdinov Memorial"]
[Site "Kazan"]
[Date "2014.06.08"]
[Round "9.1"]
[White "Kokarev, Dmitry"]
[Black "Ponkratov, Pavel"]
[Result "1/2-1/2"]
[WhiteElo "2628"]
[BlackElo "2595"]
[PlyCount "64"]
[EventDate "2014.??.??"]

1. e4 c5 2. Nf3 e6 3. d4 cxd4 4. Nxd4 Nc6 5. Nc3 Qc7 6. Be3 a6 7. Qd2 Nf6 8. f4
Bb4 9. Bd3 Na5 10. a3 Bxc3 11. Qxc3 Qxc3+ 12. bxc3 d6 13. Nb3 Nc6 14. Nd2 Ke7
15. O-O e5 16. Nc4 Ng4 17. Bd2 Rb8 18. Nb6 exf4 19. Nd5+ Kd8 20. Bxf4 Nge5 21.
Rab1 Be6 22. Rb6 Bxd5 23. exd5 Kc7 24. Rb2 Nd8 25. Rfb1 f6 26. Bxa6 Ra8 27.
Rxb7+ Nxb7 28. Rxb7+ Kc8 29. Ra7+ Kb8 30. Rb7+ Kc8 31. Ra7+ Kb8 32. Rb7+ Kc8
1/2-1/2

[Event "36 R.G.Nezhmetdinov Memorial"]
[Site "Kazan"]
[Date "2014.06.08"]
[Round "9.2"]
[White "Savchenko, Boris"]
[Black "Shaposhnikov, Evgeny"]
[Result "1-0"]
[WhiteElo "2559"]
[BlackElo "2550"]
[PlyCount "83"]
[EventDate "2014.??.??"]

1. e4 c5 2. Nf3 e6 3. c3 d5 4. e5 d4 5. Bd3 Bd7 6. Qe2 Bc6 7. Be4 Bxe4 8. Qxe4
Nc6 9. c4 d3 10. Nc3 Qd7 11. O-O f5 12. exf6 Nxf6 13. Qe3 Bd6 14. b3 O-O 15.
Bb2 Ng4 16. Qe4 Nf6 17. Qe3 Ng4 18. Qe4 Nf6 19. Qh4 Ne7 20. Ne4 Ng6 21. Nxf6+
gxf6 22. Qe4 f5 23. Qe3 b6 24. Rae1 Rae8 25. Be5 Rf7 26. Qg5 Qd8 27. Qg3 Bxe5
28. Nxe5 Rg7 29. Nxg6 Rxg6 30. Qf4 Rg4 31. Qf3 Qd6 32. Re3 Rd8 33. Rfe1 Rg6 34.
g3 Kg7 35. Re5 Rd7 36. R1e3 Kf7 37. Qh5 Kg7 38. Qd1 Kf7 39. Qf3 Kg7 40. Kf1 h6
41. Qh5 Rg5 42. Qe8 1-0

[Event "36 R.G.Nezhmetdinov Memorial"]
[Site "Kazan"]
[Date "2014.06.08"]
[Round "9.4"]
[White "Ulko, Yaroslav"]
[Black "Dvoirys, Semen"]
[Result "1/2-1/2"]
[WhiteElo "2422"]
[BlackElo "2557"]
[PlyCount "81"]
[EventDate "2014.??.??"]

1. d4 Nf6 2. c4 e6 3. Nc3 Bb4 4. e3 c5 5. Bd3 Nc6 6. Nge2 cxd4 7. exd4 d5 8.
cxd5 Nxd5 9. O-O O-O 10. Be4 Bd6 11. Bxd5 exd5 12. Bf4 Be6 13. Bxd6 Qxd6 14.
Qd2 f6 15. Rac1 Bf7 16. Rfd1 Rfe8 17. Ng3 Qb4 18. Nf5 Rad8 19. a3 Qb3 20. Re1
Bg6 21. Rxe8+ Rxe8 22. Ne3 Bf7 23. h3 Na5 24. Ncxd5 Bxd5 25. Qxa5 Rxe3 26. Rc8+
Kf7 27. fxe3 Qxe3+ 28. Kh2 Qf4+ 29. Kg1 Qxd4+ 30. Kh2 Qf4+ 31. Kg1 Qe3+ 32. Kh2
Qe5+ 33. Kg1 Qe3+ 34. Kh2 Qe5+ 35. Kg1 Qe3+ 36. Kh2 Qe5+ 37. Kg1 Qe3+ 38. Kh2
Qe5+ 39. Kg1 Qe3+ 40. Kh2 Qe5+ 41. Kg1 1/2-1/2

[Event "36 R.G.Nezhmetdinov Memorial"]
[Site "Kazan"]
[Date "2014.06.08"]
[Round "9.6"]
[White "Pogonina, Natalya"]
[Black "Timofeev, Artyom"]
[Result "1/2-1/2"]
[WhiteElo "2501"]
[BlackElo "2603"]
[PlyCount "128"]
[EventDate "2014.??.??"]

1. e4 c5 2. Nf3 e6 3. d4 cxd4 4. Nxd4 Nc6 5. Nc3 Qc7 6. Be2 Nf6 7. O-O Be7 8.
Be3 O-O 9. f4 d6 10. Kh1 a6 11. a4 Re8 12. Qd2 Bd7 13. Nf3 Rad8 14. Bd3 Bc8 15.
Qe2 Nd7 16. f5 Nf6 17. a5 Nxa5 18. Na4 Nc6 19. Bb6 Qb8 20. Bxd8 Bxd8 21. fxe6
Bxe6 22. Nc3 Ba5 23. Qf2 Bxc3 24. bxc3 Qc7 25. Rab1 Nd7 26. Nd4 Nc5 27. Nf5 Ne5
28. Qd4 Rd8 29. c4 g6 30. Ne3 Re8 31. h3 h5 32. Nf5 Rd8 33. Qe3 Rf8 34. Qd4 Rd8
35. Qe3 f6 36. Qg3 Kh7 37. Ne3 Rf8 38. Nd5 Bxd5 39. exd5 f5 40. Qe3 Qd8 41. Qd4
Qf6 42. Rf4 Kg7 43. Be2 g5 44. Rff1 h4 45. Bd3 Nexd3 46. Qxf6+ Kxf6 47. cxd3
Ke5 48. Rb6 Rd8 49. d4+ Kxd4 50. Rxf5 a5 51. Rxg5 a4 52. g3 a3 53. gxh4 a2 54.
Rg1 Ra8 55. Ra1 Kc3 56. Rc1+ Kd3 57. Ra1 Kc2 58. h5 Nb3 59. Rxa2+ Rxa2 60. Rxd6
Kd3 61. h6 Ra8 62. Rd7 Kxc4 63. Rxb7 Nc5 64. Rg7 Kxd5 1/2-1/2

[Event "36 R.G.Nezhmetdinov Memorial"]
[Site "Kazan"]
[Date "2014.06.08"]
[Round "9.7"]
[White "Danin, Alexandre"]
[Black "Gavrilov, Alexei"]
[Result "1-0"]
[WhiteElo "2594"]
[BlackElo "2491"]
[PlyCount "105"]
[EventDate "2014.??.??"]

1. e4 e6 2. Nc3 d5 3. Nf3 Nf6 4. e5 Nfd7 5. d4 c5 6. dxc5 Nc6 7. Bf4 Bxc5 8.
Bd3 f6 9. exf6 Nxf6 10. Qe2 O-O 11. O-O-O Bd7 12. Kb1 a5 13. Ne5 a4 14. Nxd7
Qxd7 15. a3 Qf7 16. f3 Nd7 17. Bg3 Nd4 18. Qd2 Rfc8 19. Rhe1 Nf5 20. Bf4 Nb6
21. Nb5 Rc6 22. Qe2 Kh8 23. Qd2 Bf8 24. Be5 Nc4 25. Bxc4 Rxc4 26. Qd3 Rac8 27.
Re2 Qd7 28. Nd4 Nxd4 29. Bxd4 Bc5 30. Bxc5 R4xc5 31. Rde1 R8c6 32. Qf5 Kg8 33.
Rxe6 Rxe6 34. Qxe6+ Qxe6 35. Rxe6 b5 36. Re5 Kf7 37. g3 Kf6 38. f4 h6 39. h4 g6
40. Kc1 b4 41. axb4 Rc4 42. c3 d4 43. Rc5 Rxc5 44. bxc5 dxc3 45. bxc3 Ke6 46.
Kb2 Kd5 47. g4 Kxc5 48. f5 gxf5 49. gxf5 Kd5 50. Ka3 Ke5 51. Kxa4 Kxf5 52. h5
Kg5 53. c4 1-0

[Event "36 R.G.Nezhmetdinov Memorial"]
[Site "Kazan"]
[Date "2014.06.08"]
[Round "9.8"]
[White "Galliamova, Alisa"]
[Black "Popov, Ivan"]
[Result "1/2-1/2"]
[WhiteElo "2466"]
[BlackElo "2650"]
[PlyCount "80"]
[EventDate "2014.??.??"]

1. Nf3 Nf6 2. b3 g6 3. Bb2 Bg7 4. e3 O-O 5. c4 d6 6. d4 Nc6 7. Be2 e5 8. dxe5
Ng4 9. O-O Ncxe5 10. Nxe5 Nxe5 11. Qd2 Re8 12. f4 Nd7 13. Bxg7 Kxg7 14. Nc3 Nc5
15. Qd4+ f6 16. e4 b6 17. b4 Ne6 18. Qd5 Rb8 19. Qd3 Bb7 20. Bg4 a5 21. a3 Ra8
22. Bxe6 Rxe6 23. Nd5 Qd7 24. Qh3 Bxd5 25. exd5 Re7 26. Qxd7 Rxd7 27. Rfe1 Kf7
28. Kf2 Re7 29. Rxe7+ Kxe7 30. Re1+ Kf7 31. b5 Re8 32. Rxe8 Kxe8 33. g4 Kf7 34.
Kf3 f5 35. g5 Kg7 36. h4 h5 37. Ke3 Kf7 38. Kd4 Ke7 39. Ke3 Kf7 40. Kd4 Ke7 {
Ke4} 1/2-1/2

[Event "36 R.G.Nezhmetdinov Memorial"]
[Site "Kazan"]
[Date "2014.06.08"]
[Round "9.9"]
[White "Rozum, Ivan"]
[Black "Petrov, Nikita"]
[Result "1/2-1/2"]
[WhiteElo "2535"]
[BlackElo "2359"]
[PlyCount "113"]
[EventDate "2014.??.??"]

1. Nf3 Nf6 2. c4 c5 3. Nc3 Nc6 4. e3 d5 5. cxd5 Nxd5 6. Bb5 Nxc3 7. bxc3 Bd7 8.
c4 e6 9. O-O Be7 10. Bxc6 Bxc6 11. Ne5 Bf6 12. Nxc6 Qd7 13. Rb1 Qxc6 14. Qb3 b6
15. Qb5 Qxb5 16. Rxb5 O-O-O 17. f4 Rd7 18. Kf2 Rhd8 19. Ke2 Kc7 20. g4 h6 21.
Rb3 e5 22. fxe5 Bxe5 23. h3 f6 24. d3 g5 25. Bd2 h5 26. Bc3 hxg4 27. hxg4 Rh8
28. Bxe5+ fxe5 29. Ra3 Rh2+ 30. Rf2 Rxf2+ 31. Kxf2 Rf7+ 32. Ke2 Kd6 33. Rc3 Rh7
34. Kf3 Rh3+ 35. Ke4 Rg3 36. Ra3 Rxg4+ 37. Kf3 Rh4 38. Rxa7 Rh3+ 39. Ke4 Rh4+
40. Kf5 Rh3 41. Ke4 Rh4+ 42. Kf3 Rh3+ 43. Kf2 Rh2+ 44. Kg3 Rd2 45. Ra8 Ke6 46.
Re8+ Kd7 47. Rxe5 Rxd3 48. Kg4 Ra3 49. Kxg5 Rxa2 50. Kf6 Rf2+ 51. Rf5 Re2 52.
Rd5+ Kc6 53. Re5 Rf2+ 54. Ke7 Rc2 55. Re6+ Kc7 56. Re4 b5 57. cxb5 1/2-1/2

[Event "36 R.G.Nezhmetdinov Memorial"]
[Site "Kazan, Russia"]
[Date "2014.06.08"]
[Round "9.10"]
[White "Yudin, Sergei"]
[Black "Gaifullin, Artur"]
[Result "1-0"]
[WhiteElo "2546"]
[BlackElo "2130"]
[PlyCount "101"]
[EventDate "2014.??.??"]

1. e4 e5 2. Nf3 Nc6 3. Bc4 Bc5 4. c3 Nf6 5. d3 d6 6. b4 Bb6 7. a4 a6 8. a5 Ba7
9. O-O h6 10. Nbd2 O-O 11. h3 Ne7 12. Re1 Ng6 13. Nf1 Be6 14. Bxe6 fxe6 15. d4
Qe8 16. Ng3 Nd7 17. Be3 Qf7 18. Rb1 c6 19. c4 Nf4 20. Kh2 exd4 21. Nxd4 Ne5 22.
c5 Ned3 23. Rf1 dxc5 24. bxc5 Nxc5 25. Qc2 Ncd3 26. Nde2 Nxe2 27. Qxe2 Nf4 28.
Qb2 h5 29. Bxa7 Rxa7 30. Rfd1 h4 31. Nf1 Raa8 32. Qxb7 Qg6 33. Ne3 Qxe4 34. Rb4
Qe5 35. Ng4 Qg5 36. Qxc6 Rae8 37. Re4 Re7 38. Qxa6 Ref7 39. Re5 Qg6 40. Qc4 Rf5
41. Qe4 Rxe5 42. Qxe5 Qf7 43. a6 Qa7 44. Rd4 Ng6 45. Qxe6+ Kh7 46. Rd6 Nf4 47.
Qe4+ Kg8 48. Qc6 Qb8 49. Qd7 Qb1 50. a7 Qf1 51. Qc6 1-0

[Event "36 R.G.Nezhmetdinov Memorial"]
[Site "Kazan, Russia"]
[Date "2014.06.08"]
[Round "9.11"]
[White "Matinian, Nikita"]
[Black "Rodchenkov, Vitaly"]
[Result "0-1"]
[WhiteElo "2478"]
[BlackElo "2328"]
[PlyCount "64"]
[EventDate "2014.??.??"]

1. e4 c5 2. Nf3 g6 3. d4 Bg7 4. dxc5 Qa5+ 5. c3 Qxc5 6. Be3 Qa5 7. Nbd2 Nf6 8.
Nc4 Qc7 9. e5 Ng4 10. Bf4 b5 11. Ne3 Nxe5 12. Bxb5 Bb7 13. Nxe5 Bxe5 14. Bxe5
Qxe5 15. Qd4 Qxd4 16. cxd4 Nc6 17. Bxc6 Bxc6 18. d5 Bb7 19. Rc1 f5 20. Rc4 Rf8
21. Rb4 Rb8 22. f4 Kf7 23. b3 e6 24. dxe6+ dxe6 25. Kf2 Bxg2 26. Rxb8 Bxh1 27.
Rb4 Kf6 28. Ra4 Rf7 29. Nc4 g5 30. Ke3 gxf4+ 31. Kxf4 Rd7 32. Ra6 Rd3 0-1

[Event "36 R.G.Nezhmetdinov Memorial"]
[Site "Kazan, Russia"]
[Date "2014.06.08"]
[Round "9.12"]
[White "Tunik, Gennady"]
[Black "Shariyazdanov, Andrey"]
[Result "1/2-1/2"]
[WhiteElo "2430"]
[BlackElo "2568"]
[PlyCount "88"]
[EventDate "2014.??.??"]

1. d4 Nf6 2. c4 e6 3. Nf3 d5 4. Nc3 dxc4 5. Qa4+ c6 6. Qxc4 b5 7. Qd3 a6 8. e4
c5 9. dxc5 Bxc5 10. Qxd8+ Kxd8 11. e5 Ng4 12. Bg5+ Ke8 13. Bh4 Nd7 14. Bg3 Bb7
15. h3 Bxf3 16. hxg4 Bxg4 17. a4 b4 18. Ne4 Ke7 19. Bh4+ f6 20. exf6+ gxf6 21.
Bxf6+ Nxf6 22. Nxc5 a5 23. f3 Bf5 24. Rh4 Rhc8 25. Rc4 Nd5 26. Kf2 Nb6 27. Rcc1
Rc7 28. g4 Bg6 29. Nxe6 Rxc1 30. Rxc1 Nxa4 31. Nc7 Rd8 32. b3 Nc3 33. Nb5 Rc8
34. Re1+ Kf6 35. Ra1 a4 36. Nxc3 Rxc3 37. Rxa4 Rxb3 38. Bc4 Rb1 39. Ke3 b3 40.
Rb4 b2 41. Be2 Kg7 42. f4 Bc2 43. Kd2 Be4 44. Ke3 Bc2 1/2-1/2

[Event "36 R.G.Nezhmetdinov Memorial"]
[Site "Kazan, Russia"]
[Date "2014.06.08"]
[Round "9.13"]
[White "Ibragimov, Ildar"]
[Black "Kuderinov, Kirill"]
[Result "1-0"]
[WhiteElo "2557"]
[BlackElo "2442"]
[PlyCount "93"]
[EventDate "2014.??.??"]

1. d4 Nf6 2. c4 g6 3. Nc3 Bg7 4. e4 d6 5. h3 O-O 6. Bg5 c5 7. d5 h6 8. Be3 e5
9. Qd2 Kh7 10. g4 Ng8 11. Bd3 Na6 12. Nge2 Nc7 13. f3 Bf6 14. O-O Rb8 15. a3
Bg5 16. b4 Bxe3+ 17. Qxe3 b6 18. Rab1 Ra8 19. Ng3 Qg5 20. Qxg5 hxg5 21. bxc5
bxc5 22. Rf2 Nf6 23. Rfb2 Nd7 24. Nf1 Ba6 25. Nd2 Nb6 26. a4 Kg7 27. a5 Nd7 28.
Bc2 Kf6 29. Ba4 Ke7 30. Bc6 Rab8 31. Nb5 Nxb5 32. cxb5 Bc8 33. b6 axb6 34. axb6
Bb7 35. Nc4 Ba6 36. Na5 Bd3 37. Rd1 c4 38. Bxd7 Kxd7 39. b7 f5 40. exf5 gxf5
41. Nc6 fxg4 42. Nxb8+ Rxb8 43. fxg4 c3 44. Rxd3 cxb2 45. Rb3 e4 46. Rxb2 Ke7
47. Kf2 1-0

[Event "36 R.G.Nezhmetdinov Memorial"]
[Site "Kazan, Russia"]
[Date "2014.06.08"]
[Round "9.15"]
[White "Bocharov, Dmitry"]
[Black "Amerzianov, Timur"]
[Result "1-0"]
[WhiteElo "2598"]
[BlackElo "2301"]
[PlyCount "73"]
[EventDate "2014.??.??"]

1. d4 Nf6 2. c4 e6 3. Nf3 b6 4. a3 Bb7 5. Nc3 d5 6. cxd5 Nxd5 7. Bd2 g6 8. Qc2
Bg7 9. h4 h6 10. e4 Nxc3 11. Bxc3 O-O 12. Rd1 Nd7 13. Bc4 Qe7 14. O-O c5 15. d5
exd5 16. Bxd5 Bxd5 17. exd5 Rfe8 18. h5 Qe4 19. Qc1 g5 20. Rfe1 Qg4 21. d6
Rxe1+ 22. Rxe1 Qxh5 23. Re7 g4 24. Nh2 Qf5 25. Nf1 Nf6 26. Ng3 Qg6 27. Qe1 Rd8
28. Bxf6 Bxf6 29. Re8+ Kg7 30. Rxd8 Bxd8 31. Qe8 Bg5 32. d7 Qd3 33. Nh5+ Kg6
34. Nf4+ Bxf4 35. Qg8+ Kh5 36. Qxf7+ Kg5 37. Qg8+ 1-0

[Event "36 R.G.Nezhmetdinov Memorial"]
[Site "Kazan, Russia"]
[Date "2014.06.08"]
[Round "9.16"]
[White "Ponfilenok, Vladimir"]
[Black "Turkin, Viktor"]
[Result "0-1"]
[WhiteElo "2399"]
[BlackElo "2285"]
[PlyCount "134"]
[EventDate "2014.??.??"]

1. d4 Nf6 2. c4 g6 3. Nf3 Bg7 4. g3 O-O 5. Bg2 d6 6. O-O c6 7. Nc3 Qa5 8. e4
Nbd7 9. Re1 b5 10. cxb5 Bb7 11. e5 Nd5 12. Nxd5 cxd5 13. exd6 exd6 14. a4 Nf6
15. Bd2 Qb6 16. Bf1 Ne4 17. a5 Qd8 18. Be3 Rb8 19. Nd2 Ba8 20. f3 Nf6 21. Nb1
Ne8 22. Nc3 Nc7 23. Qd2 Re8 24. Bg5 Qd7 25. Bh6 Bh8 26. Kg2 Ne6 27. Be3 Bf6 28.
Na4 Ng7 29. Bf2 Rxe1 30. Rxe1 Bd8 31. Ra1 Ne6 32. b4 h5 33. h4 Rc8 34. Rc1 Rb8
35. Qd1 Bb7 36. Be3 Bc8 37. Kf2 Qe8 38. Nc3 Nc7 39. Qb3 Qe6 40. Ne2 Qe8 41. Nf4
Bd7 42. Nxd5 Nxb5 43. Nf4 Bf6 44. Qd5 Kg7 45. Bd3 Qe7 46. Be4 Be6 47. Nxe6+
fxe6 48. Qc6 d5 49. Bd3 Nd6 50. Qa4 Rxb4 51. Qa1 Nc4 52. Bxc4 dxc4 53. Qc3 Qb7
54. Rc2 Kh7 55. Qd2 Bg7 56. a6 Qb5 57. g4 hxg4 58. fxg4 Rb3 59. Qe2 Qb8 60. Kg2
Bxd4 61. Bf2 Bxf2 62. Qxf2 Qa8+ 63. Kh2 Rf3 64. Qg2 Qb8+ 65. Kh1 Qf4 66. Qe2
Rh3+ 67. Kg1 Qg3+ 0-1

[Event "36 R.G.Nezhmetdinov Memorial"]
[Site "Kazan, Russia"]
[Date "2014.06.08"]
[Round "9.17"]
[White "Glukhov, Alexander"]
[Black "Yagupov, Igor"]
[Result "1/2-1/2"]
[WhiteElo "2185"]
[BlackElo "2414"]
[PlyCount "85"]
[EventDate "2014.??.??"]

1. e4 c5 2. Nf3 e6 3. d4 cxd4 4. Nxd4 Nc6 5. Nc3 Nf6 6. Nxc6 bxc6 7. Bd3 d5 8.
O-O Qc7 9. Re1 Bd6 10. exd5 Nxd5 11. Qh5 Nf4 12. Bxf4 Bxf4 13. g3 Bd2 14. Red1
Bxc3 15. bxc3 Rb8 16. Rab1 Rb6 17. Rb4 g6 18. Qc5 Qe7 19. Qc4 Qc7 20. Qc5 Qe7
21. Qc4 Qc7 22. Rdb1 O-O 23. Qc5 Rxb4 24. cxb4 Qb6 25. Qxb6 axb6 26. Be4 c5 27.
bxc5 bxc5 28. Rb5 f5 29. Bf3 Ba6 30. Rxc5 Rb8 31. h3 Rb1+ 32. Kh2 Rf1 33. Kg2
Ra1 34. Ra5 Bc4 35. a3 Rc1 36. Rc5 Rxc2 37. Kg1 Rc1+ 38. Kh2 Rc2 39. Bg2 Bb3
40. Rxc2 Bxc2 41. Bc6 Kf7 42. f4 e5 43. fxe5 1/2-1/2

[Event "36 R.G.Nezhmetdinov Memorial"]
[Site "Kazan, Russia"]
[Date "2014.06.08"]
[Round "9.18"]
[White "Fedorov, Alexei"]
[Black "Rjabzev, Konstantin"]
[Result "1-0"]
[WhiteElo "2574"]
[BlackElo "2292"]
[PlyCount "107"]
[EventDate "2014.??.??"]

1. e4 e5 2. Nf3 Nc6 3. Bc4 Bc5 4. O-O Nf6 5. d3 O-O 6. Nbd2 d6 7. c3 a6 8. Bb3
Ba7 9. h3 h6 10. Re1 Re8 11. Nh2 Be6 12. Bc2 d5 13. Qf3 dxe4 14. dxe4 Ne7 15.
Ndf1 Ng6 16. Ne3 Nf4 17. h4 c6 18. g3 Ng6 19. Nf5 Bxf5 20. Qxf5 Qe7 21. Bd2
Rad8 22. Re2 Rd6 23. b4 Qd7 24. Qxd7 Rxd7 25. a4 Red8 26. Be1 Nf8 27. Nf3 Ng4
28. Bb3 Ne6 29. Raa2 Rd3 30. Kg2 Nd4 31. Nxd4 exd4 32. e5 dxc3 33. e6 Nf6 34.
exf7+ Kf8 35. b5 Nd5 36. bxc6 bxc6 37. Re6 Rb8 38. Bc2 Kxf7 39. Rxc6 Rd4 40.
Bxc3 Nxc3 41. Rxc3 Kg8 42. a5 Rd6 43. Rc7 Bd4 44. h5 Bf6 45. Bg6 Bd8 46. Ra7
Kh8 47. Ra3 Rf6 48. f4 Rc6 49. Bd3 Rc5 50. Rxa6 Rxh5 51. Ra7 Rd5 52. a6 g5 53.
Rh7+ Kg8 54. a7 1-0